| 000 | 01029nac a22002651u 4500 | ||
|---|---|---|---|
| 010 | _a 00055058 | ||
| 020 | _a0130127728 | ||
| 020 | _a0130338427 | ||
| 082 | 0 | 0 |
_a658.84 _bC8545 |
| 090 |
_c4330 _d4330 |
||
| 100 | _aCoughlan, Anne T. | ||
| 245 | 0 | 0 |
_aMarketing channels / _cAnne T. Coughlan ... [et al.]. |
| 250 | _a6th ed. | ||
| 260 |
_aUpper Saddle River, N.J. : _bPrentice Hall, _cc2001. |
||
| 300 |
_axviii, 590 p. : _bill. ; _c25 cm. |
||
| 440 | 4 | _aThe Prentice Hall international series in marketing | |
| 500 | _aRev. ed. of: Marketing channels / Louis W. Stern, Adel I. El-Ansary, Anne T. Coughlan. 5th ed. c1996. | ||
| 504 | _aIncludes bibliographical references and indexes. | ||
| 650 | 0 | _aMarketing channels. | |
| 700 | 1 | _aAnderson, Erin | |
| 700 | 1 | _aStern, Louis W. | |
| 700 | 1 | _aEl- Ansary Adel I. | |
| 942 |
_cBB _k658.84C8545 |
||
| 999 |
_c4330 _d4330 |
||